| 000 | 00851cab a2200277 4500 | ||
|---|---|---|---|
| 001 | WB3113-54 | ||
| 008 | 090401t1995 xxu||||| |||| 00| 0 eng d | ||
| 035 | _a(Sirsi) u41234 | ||
| 041 | _aeng | ||
| 245 | _aScottish canal network | ||
| 260 | _c1995 | ||
| 350 | _a0 | ||
| 490 |
_aGlasgow Herald _v27 March 1995, 9(1) |
||
| 520 | _aDiscusses British Waterways proposals for a £100m refurbishment of Central Scotland`s canal network to be submitted to the Millennium Commission for funding. | ||
| 650 | _aBRITISH WATERWAYS | ||
| 650 | _aCANALS | ||
| 650 | _aINLAND WATERWAYS | ||
| 650 | _aMILLENNIUM COMMISSION | ||
| 650 | _aMILLENNIUM LINK | ||
| 650 | _aNATIONAL LOTTERY | ||
| 650 | _aSCOTLAND | ||
| 690 | _aPROPERTY-PROPERTY FINANCE AND INVESTMENT | ||
| 690 | _aTRANSPORT AND COMMUNICATIONS | ||
| 942 | _n0 | ||
| 948 | _c04/03/1997 | ||
| 999 |
_c26496 _d26496 |
||